| 000 | 00482pab a2200193 454500 | ||
|---|---|---|---|
| 008 | 180718b2014 xxu||||| |||| 00| 0 eng d | ||
| 100 | _aKlandermans, Bert | ||
| 245 | _aComparing street demonstration | ||
| 260 | _c2014 | ||
| 300 | _ap.493-50. | ||
| 362 | _aNov | ||
| 650 | _aDemonstrations | ||
| 650 | _aProtest movements | ||
| 700 | _aWalgrave, Stefaan | ||
| 700 | _aStekelenburg, Jacquelien van | ||
| 773 | _aInternational Sociology | ||
| 908 | _aN | ||
| 909 | _a106012 | ||
| 999 |
_c106007 _d106007 |
||